000 01144cam a2200325 i 4500
001 220835
003 OSt
005 20240605150857.0
008 990310s1999 gw 001 0 engs
010 _a 99182262
020 _a3515070427
040 _aDLC
_cDLC
_dDLC
050 0 0 _aBQ7457
_b.Y67 1999
100 1 _aYotsuya, Kodo.
245 1 4 _aThe critique of Svatantra reasoning by Candrakirti and Tsong-kha-pa :
_ba study of philosophical proof according to two Prasangika Madhyamaka traditions of India and Tibet /
_cKodo Yotsuya.
264 _aStuttgart :
_bSteiner,
_c1999.
300 _axvii, 199 pages ;
_c25 cm.
336 _2rdacontent
_atext
_btxt
337 _2rdamedia
_aunmediated
_bn
338 _2rdacarrier
_avolume
_bnc
440 0 _aTibetan and Indo-Tibetan studies ;
_v8
500 _aRevised dissertation.
504 _aIncludes bibliographical references (p. [171]-187) and index.
600 0 0 _aCandrakīrti.
600 0 0 _aTsong-kha-pa Blo-bzang-grags-pa,
_d1357-1419.
650 0 _aPrāsaṅgika.
906 _a7
_bcbc
_corignew
_d3
_encip
_f19
_gy-gencatlg
942 _2LCS
_cBOOK
_n0
999 _c1200
_d1200